000
00344cam a2200169ua 4500
001
9900
008
140526n ii |||gr||||Z||||||eng
040
_a
MAIN
041
_a
English
082
_b
MAH
100
_a
Maheswari.
245
_a
Banking Law Practica
250
_a
7th.
260
_a
Delhi:
_b
Kalyani.
300
_a
575.
942
_c
BK
999
_c
9886
_d
9886